Deutsche YouTuber mit KI - Statistiken

Allgemein
  • Dieses Quiz wurde 1.498 mal gespielt
  • Das Durchschnittsergebnis liegt bei 7 aus 20
Antwortstatistiken
Bildquiz Antwort % Korrekt
Julien Bam
91%
Gronkh
78%
MontanaBlack
78%
Paluten
68%
Dagi Bee
51%
GermanLetsPlay
51%
Pamela Reif
46%
Ungespielt
45%
Simon Desue
43%
BibisBeautyPalace
37%
rewinside
33%
Freshtorge
27%
Laserluca
16%
ApeCrime
15%
Julienco
10%
Felix von der Laden
5%
Jonas
4%
Shirin David
3%
Naomi Jon
2%
Nadinebreaty
1%
Keine übereinstimmenden Quizze gefunden
Verteilung der Resultate
Anzahl Personen mit jedem Resultat
Perzentil nach korrekt beantworteten Fragen
Ihre Resultats-Entwicklung
Sie haben dieses Quiz noch nicht gespielt